Trasnacionalidad y trasnacionalismo /
Guardat en:
| Autor principal: | |
|---|---|
| Format: | Text |
| Matèries: | |
| Etiquetes: |
Afegir etiqueta
Sense etiquetes, Sigues el primer a etiquetar aquest registre!
|
MARC
| LEADER | 00000 a a2200000 04500 | ||
|---|---|---|---|
| 001 | 11681 | ||
| 003 | |||
| 040 | |||
| 100 | |a Moctezuma Longoria, Miguel | ||
| 245 | |a Trasnacionalidad y trasnacionalismo / |c Miguel Moctezuma Longoria | ||
| 650 | |a MIGRACION INTERNACIONAL | ||
| 650 | |a TRANSNACIONALISMO | ||
| 650 | |a MIGRANTES | ||
| 773 | |g volumen 14, número 57; páginas 39-64 | ||
| 999 | |c 38334 |d 38334 | ||
